| 000 | 00626nam a2200181Ia 4500 | ||
|---|---|---|---|
| 003 | GCL | ||
| 008 | 140319s9999 xx 000 0 ara d | ||
| 040 |
_aGCL / _cGCL |
||
| 082 | 0 | 4 |
_a327.1011 _bك د |
| 100 | 1 | _aكيسنجر, هنرى | |
| 245 | 1 | 0 |
_aالدبلوماسية من الحرب الباردة حتى يومنا هذا / _cكيسنجر, هنرى |
| 700 | 1 | _aمالك فاضل البديرى | |
| 300 | _a575 ص | ||
| 490 |
_aالهيئة العامة للاستعلامات _v0 |
||
| 650 | 0 | 4 | _aالسياسات الدولية |
| 650 | 0 | 4 | _aالدبلوماسية- العصر الحديث 1945 |
| 942 |
_2ddc _cBK |
||
| 999 |
_c48175 _d48175 |
||